Supernatural - Sam Winchester - Statistics

General Stats
  • This quiz has been taken 188 times
  • The average score is 13 of 18
Answer Stats
Hint Answer % Correct
Father John Winchester
99%
Mother Mary Winchester
97%
Half-brother Adam Milligan
94%
Demon that calls him 'Moose' Crowley
94%
Surrogate Dad Bobby
93%
Brother Dean Winchester
93%
Girlfriend Jessica
93%
What did Sam return from Hell without His soul
92%
Sam is who's vessel Lucifer
91%
Dean's nickname for Sam Sammy
90%
Who's blood he became addicted to Ruby
89%
Maternal Grandad Samuel Campbell
89%
Paternal Grandad Henry Winchester
71%
Maternal Grandmother Deanna Campbell
60%
Ex-Wife Becky Rosen
52%
Species other than human Ghost
35%
Rabid
8%
Pyschic
1%
No matching quizzes found
Score Distribution
Percent of People with Each Score
Percentile by Number Answered
Your Score History
You have not taken this quiz